00939 2200325 4500001002100000005001700021008004100038020002200079035002400101040001200125041000800137082001700145084001700162090002000179090001900199100001500218245012100233250001100354260003100365300003400396504002900430650001100459650002900470700000800499710003100507710002700538850001200565990001800577990001800595INLIS00000000003059120170830110358.0  a978-979-1493-28-4 0010-081700000000797 aYOPDYOG0 aind042[23]a662.62 a662.62 Adi K aPK 662.62 Adi K aT 662.62 Adi K0 aADI ASMARA1 aKompor briket batubarac/ Adi Asmara, Igo; penyunting, Tim Penyunting Titian Ilmu; ilustrasi, Tim Ilustrator Angkasa aCet. 1 aBandungbTitian Ilmuc2007 av, 70 hlm.b: ilus.c; 21 cm. aBibliografi : hlm. 69-70 4aKompor 4aTungku berbahan batubara0 aIgo aTim Penyunting Titian Ilmu aTim Ilustrator Angkasa aYOPDYOG a56273-PD/A.17 a56272-PD/A.17